Schweizer Städte von Oben #2 - Statistiken

Allgemein
  • Dieses Quiz wurde 57 mal gespielt
  • Das Durchschnittsergebnis liegt bei 5 aus 9
Antwortstatistiken
Bildquiz Antwort % Korrekt
Kloten
89%
Lausanne
75%
Sion/Sitten
59%
La Chaux-de-Fonds
55%
Schaffhausen
55%
Solothurn
55%
Chur
50%
Winterthur
50%
St. Gallen
41%
Keine übereinstimmenden Quizze gefunden
Verteilung der Resultate
Anzahl Personen mit jedem Resultat
Perzentil nach korrekt beantworteten Fragen
Ihre Resultats-Entwicklung
Sie haben dieses Quiz noch nicht gespielt